LIBRARY & INFORMATION CENTRE, KCAET, TAVANUR

ONLINE PUBLIC ACCESS CATALOGUE (OPAC)

Anna karenina / (Record no. 7863)

MARC details
000 -LEADER
fixed length control field 00422cam a2200181ua 4500
041 ## - LANGUAGE CODE
Language code of text/sound track or separate title eng
082 ## - DEWEY DECIMAL CLASSIFICATION NUMBER
Classification number 823.308
Item number TOL/AN
100 ## - MAIN ENTRY--AUTHOR NAME
Personal name Tolstoy, Leo.
245 ## - TITLE STATEMENT
Title Anna karenina /
250 ## - EDITION STATEMENT
Edition statement 1 /
260 ## - PUBLICATION, DISTRIBUTION, ETC. (IMPRINT)
Place of publication London :
Name of publisher J M Dent and Sons Ltd ,
Year of publication 1960.
300 ## - PHYSICAL DESCRIPTION
Number of Pages 427 ; .
500 ## - GENERAL NOTE
General note Vol.2
942 ## - ADDED ENTRY ELEMENTS (KOHA)
Koha item type Books
Holdings
Withdrawn status Lost status Damaged status Home library Current library Date acquired Full call number Accession Number Koha item type
Withdrawn     KAUAET KAUAET 06/02/2021 823.308 TOL/AN 8448 Books
Withdrawn     KAUAET Malayalam University 07/04/2012 823.308 4466 Books
Withdrawn     KAUAET Sanskrit University 07/04/2012 823.308 4467 Books
free website counter